1311 1336 1033 1158 1773 1192 1891 1202 1122 1879 1962 1862 1550 1354 1156 1021 2000 1937 1612 1756 1192 1299 1658 1050 1991 1987 1023 1586 1402 1050 1199 1026 1431 1232 1058 1427 1936 1334 1226 1372 1314 1168 1208 1911 1695 1168 1033 1094 1157 1508 1314 1467 1661 1843 1185 1104 1575 1837 1027 1393 1709 1618 1757 1207 1038 1130 1650 1603 1398 1197 1661 1083 1575 1019 1668 1325 1975 1118 1655 1645 1041 1045 1372 1001 1093 1354 1501 1991 1358 1679 1422 1402 1948 1127 1847 1295 1547 1579 1990 BCNSPRNW ULIB Ver.6.0+V

เปลี่ยนเป็นภาษาไทย

Change to English
 แสดงรายละเอียดบรรณานุกรม
  กลับหน้าหลัก

Brief Record : Get Marc (ISO 2709) : E-mail record : QR code < ปิดหน้าต่าง
LEADER : 00000nam 2200000uu 4500
001    13399126697
003     ULIB
008    190212s2561||||th 000 0 tha d
020    ^a9786164556461
060  0 ^aWQ211^bน715ภ
100 0  ^aนิศารัตน์ ยมาภัย (พิทักษ์วัชระ)
245 00 ^aภาวะไส้เลื่อนกระบังลมแต่กำเนิดของทารกในครรภ์/^cโดย นิศารัตน์ ยมาภัย (พิทักษ์วัชระ)
246 00 ^aFetal congenital diaphragmatic hernia
260    ^aกรุงเทพฯ:^bภาควิชาสูติศาสตร์-นรีเวชวิทยา คณะแพทยศาสตร์ศิริราชพยาบาล มหาวิทยาลัยมหิดล,^c2561.
300    ^a123 หน้า
650  0 ^aไส้เลื่อน
650  0 ^aปอด^xโรค
650  0 ^aทารกในครรภ์^xโรค
945    ^p650^l0^i27816
945    ^p650^l0^i27812
945    ^p650^l0^i27813
945    ^p650^l0^i27020
945    ^p650^l0^i27019
945    ^p650^l0^i27814
945    ^p650^l0^i27815
999    ^aกัณชพร จุลอักษร
รายการนี้ยังไม่มีแท็ก
คุณยังไม่ได้ล็อกอิน คุณสามารถมีกิจกรรมร่วมกับเว็บไซต์ได้ แต่ต้องล็อกอินก่อน ::
  ล็อกอิน

รายการสื่อสารสนเทศ

ลำดับที่ ประเภท เลขเรียก/บาร์โค้ด สถานที่ สถานะ
1. หนังสือสำรอง
หนังสือสำรอง
WQ211 น715ภ ฉ.1 
  Barcode: 27019
ห้องสมุดวิทยาเขตนครสวรรค์
►หนังสือทั่วไป:l:General Books
บนชั้น
2. วิทยาศาสตร์การแพทย์ และสุขภาพ
วิทยาศาสตร์การแพทย์ และสุขภาพ
WQ211 น715ภ ฉ.2 
  Barcode: 27020
ห้องสมุดวิทยาเขตนครสวรรค์
►หนังสือทั่วไป:l:General Books
บนชั้น
3. วิทยาศาสตร์การแพทย์ และสุขภาพ
วิทยาศาสตร์การแพทย์ และสุขภาพ
WQ211 น715ภ ฉ.3 
  Barcode: 27812
ห้องสมุดวิทยาเขตนครสวรรค์
►หนังสือทั่วไป:l:General Books
บนชั้น
4. วิทยาศาสตร์การแพทย์ และสุขภาพ
วิทยาศาสตร์การแพทย์ และสุขภาพ
WQ211 น715ภ ฉ.4 
  Barcode: 27813
ห้องสมุดวิทยาเขตนครสวรรค์
►หนังสือทั่วไป:l:General Books
บนชั้น
5. วิทยาศาสตร์การแพทย์ และสุขภาพ
วิทยาศาสตร์การแพทย์ และสุขภาพ
WQ211 น715ภ ฉ.5 
  Barcode: 27814
ห้องสมุดวิทยาเขตนครสวรรค์
►หนังสือทั่วไป:l:General Books
บนชั้น
6. วิทยาศาสตร์การแพทย์ และสุขภาพ
วิทยาศาสตร์การแพทย์ และสุขภาพ
WQ211 น715ภ ฉ.6 
  Barcode: 27815
ห้องสมุดวิทยาเขตนครสวรรค์
►หนังสือทั่วไป:l:General Books
บนชั้น
7. วิทยาศาสตร์การแพทย์ และสุขภาพ
วิทยาศาสตร์การแพทย์ และสุขภาพ
WQ211 น715ภ ฉ.7 
  Barcode: 27816
ห้องสมุดวิทยาเขตนครสวรรค์
►หนังสือทั่วไป:l:General Books
บนชั้น

รายการใกล้เคียง
    ผู้แต่ง [นิศารัตน์ ยมาภัย (พิทักษ์วัชระ)]

    หัวเรื่อง [ไส้เลื่อน]
    หัวเรื่อง [ปอด โรค]

BibComment


ยังไม่เคยถูกคอมเมนท์

คอมเมนท์ทรัพยากรรายการนี้
  คอมเมนท์: ภาวะไส้เลื่อนกระ..


 Copyright 2026. Bcnsprnw @Library